[Event "Poti op 16th"]
[Site "Poti"]
[Date "2023.07.14"]
[Round "3"]
[White "Qalichava, Akaki"]
[Black "Navoyan, Gagik"]
[Result "0-1"]
[WhiteElo "2242"]
[BlackElo "1909"]
[PlyCount "92"]
[EventDate "2023.07.12"]
[EventType "swiss"]
[EventRounds "9"]
[EventCountry "GEO"]
[SourceTitle "EXT 2024"]
[Source "ChessBase"]
[SourceDate "2023.10.10"]
[SourceVersion "1"]
[SourceVersionDate "2023.10.10"]
[SourceQuality "1"]

1. e4 e5 2. Nf3 Nc6 3. Bb5 a6 4. Ba4 Nf6 5. 0-0 Be7 6. Re1 b5 7. Bb3 0-0 8. h3 Bb7 9. d3 d5 10. exd5 Nxd5 11. Nxe5 Nxe5 12. Rxe5 Qd6 13. Re1 c5 14. Nd2 Rae8 15. Nf1 Qc6 16. Bxd5 Qxd5 17. f3 Qd4+ 18. Kh1 Bh4 19. Re3 Bf2 20. Re2 c4 21. c3 Qh4 22. Bg5 Bxf3 23. Bxh4 Bxe2 24. Bxf2 Bxd1 25. Rxd1 Re2 26. Bc5 Rd8 27. d4 Rxb2 28. a4 bxa4 29. Ra1 Rb3 30. Bb4 a5 31. Bxa5 Ra8 32. Bb4 a3 33. Ra2 Ra4 34. d5 Rb2 35. Ra1 a2 36. d6 Ra7 37. Bc5 Rb1 38. Bxa7 Rxa1 39. d7 Rxf1+ 40. Kh2 h6 41. d8Q+ Kh7 42. Bd4 a1Q 43. Qd5 Qe1 44. g4 Qd2+ 45. Kg3 Rg1+ 46. Kh4 Qe1+ 0-1

[Event "Batumi Municipality Cup"]
[Site "Batumi"]
[Date "2023.07.04"]
[Round "3"]
[White "Qalichava, Akaki"]
[Black "Lortkipanidze, Nodar"]
[Result "1-0"]
[WhiteElo "2242"]
[BlackElo "2403"]
[PlyCount "54"]
[EventDate "2023.07.02"]
[EventType "swiss"]
[EventRounds "9"]
[EventCountry "GEO"]
[SourceTitle "CBM 215 Extra"]
[Source "ChessBase"]
[SourceDate "2023.09.30"]
[SourceVersion "1"]
[SourceVersionDate "2023.09.30"]
[SourceQuality "1"]

1. e4 e5 2. Nf3 Nc6 3. Bb5 a6 4. Ba4 Nf6 5. 0-0 Be7 6. Re1 d6 7. c3 Bg4 8. d3 0-0 9. Nbd2 Nd7 10. h3 Bh5 11. Nf1 Bxf3 12. Qxf3 Bg5 13. Be3 Bxe3 14. fxe3 g6 15. Ng3 Qg5 16. Rf1 Kg7 17. Kh2 b5 18. Bc2 a5 19. Qe2 h5 20. Rf3 Rab8 21. Qf2 h4 22. Ne2 Ne7 23. g3 hxg3+ 24. Nxg3 Qh4 25. Rg1 f6 26. Nf5+ Nxf5 27. Rxg6+ Kh7 1-0

[Event "Wch U18 blitz"]
[Site "Batumi"]
[Date "2023.06.10"]
[Round "3"]
[White "Grebnev, Aleksey"]
[Black "Qalichava, Akaki"]
[Result "1-0"]
[WhiteElo "2419"]
[BlackElo "2124"]
[PlyCount "141"]
[EventDate "2023.06.10"]
[EventType "swiss (blitz)"]
[EventRounds "11"]
[EventCountry "GEO"]
[SourceTitle "EXT 2024"]
[Source "ChessBase"]
[SourceDate "2023.10.10"]
[SourceVersion "1"]
[SourceVersionDate "2023.10.10"]
[SourceQuality "1"]
[WhiteTeam "Russia"]
[BlackTeam "Georgia"]
[WhiteTeamCountry "RUS"]
[BlackTeamCountry "GEO"]

1. d4 Nf6 2. c4 e6 3. Nc3 Bb4 4. e3 0-0 5. Bd2 b6 6. Nf3 Bb7 7. Bd3 Bxc3 8. Bxc3 Ne4 9. Rc1 d6 10. 0-0 Nd7 11. Be1 Qe7 12. b4 c5 13. a4 f5 14. Kh1 Ndf6 15. Qe2 Qf7 16. Ng1 Qg6 17. f3 Ng5 18. bxc5 dxc5 19. dxc5 bxc5 20. Bc3 Nf7 21. Qc2 Qh6 22. Bd2 Ne5 23. Be2 Bc6 24. a5 Nh5 25. Nh3 g5 26. e4 f4 27. Bc3 Nd7 28. Rcd1 Nhf6 29. Rd6 g4 30. Rxc6 gxh3 31. gxh3 Kf7 32. Rd1 Qxh3 33. Qd3 Rg8 34. Bf1 Qh5 35. Bg2 Qg5 36. Rd2 Rad8 37. Rd6 Rb8 38. Rxd7+ Nxd7 39. Qxd7+ Qe7 40. Qd3 Rgd8 41. Qc2 Rxd2 42. Bxd2 Qd6 43. Bc3 e5 44. Bf1 Kf6 45. Qf2 Rb1 46. Qh4+ Kg6 47. Qg4+ Kh6 48. Qh3+ Kg7 49. Qg4+ Kh6 50. Qh3+ Kg7 51. Kg1 Rc1 52. Qg4+ Kh6 53. Qh4+ Kg6 54. Qg4+ Kh6 55. Qh3+ Kg6 56. Qf5+ Kh6 57. Bxe5 Rxf1+ 58. Kxf1 Qd1+ 59. Kg2 Qe2+ 60. Kh3 Qxf3+ 61. Kh4 Qf2+ 62. Kg4 Qg2+ 63. Kxf4 Qxh2+ 64. Kg4 Qg1+ 65. Bg3 Qd1+ 66. Qf3 Qd7+ 67. Kh4 Qe7+ 68. Kh3 Qd7+ 69. Kg2 Qd2+ 70. Bf2 Qg5+ 71. Qg3 1-0

[Event "Wch U18 blitz"]
[Site "Batumi"]
[Date "2023.06.10"]
[Round "6"]
[White "Qalichava, Akaki"]
[Black "Sahakyan, Aleks"]
[Result "1-0"]
[WhiteElo "2124"]
[BlackElo "2275"]
[PlyCount "113"]
[EventDate "2023.06.10"]
[EventType "swiss (blitz)"]
[EventRounds "11"]
[EventCountry "GEO"]
[SourceTitle "EXT 2024"]
[Source "ChessBase"]
[SourceDate "2023.10.10"]
[SourceVersion "1"]
[SourceVersionDate "2023.10.10"]
[SourceQuality "1"]
[WhiteTeam "Georgia"]
[BlackTeam "Armenia"]
[WhiteTeamCountry "GEO"]
[BlackTeamCountry "ARM"]

1. e4 Nc6 2. d4 d5 3. e5 Bf5 4. c3 e6 5. Nd2 f6 6. f4 Nh6 7. Ndf3 Qd7 8. Ne2 Nf7 9. Ng3 Bg4 10. Bd3 Be7 11. 0-0 f5 12. h3 Bxf3 13. Qxf3 g6 14. Be3 a6 15. Ne2 h6 16. a3 Rg8 17. c4 Na5 18. cxd5 exd5 19. Rac1 Nd8 20. b4 Nac6 21. Nc3 Ne6 22. Nxd5 Rd8 23. Nxe7 Nxe7 24. g3 c6 25. Bc4 Nd5 26. Bf2 Ke7 27. Kh2 Nb6 28. Bb3 Nd5 29. Rfd1 Kf7 30. g4 Kg7 31. gxf5 gxf5 32. Rg1+ Kh7 33. Be3 Nxe3 34. Qxe3 Rxg1 35. Rxg1 Qxd4 36. Qg3 Qxf4 37. Bxe6 Rd2+ 38. Rg2 Qxg3+ 39. Kxg3 f4+ 40. Kf3 Rxg2 41. Kxg2 Kg6 42. Kf3 Kg5 43. Bc8 b6 44. Bxa6 Kf5 45. Bb7 c5 46. bxc5 bxc5 47. a4 Kxe5 48. a5 Kd6 49. Kxf4 c4 50. Be4 Kc5 51. Kg4 Kb5 52. Kh5 Kxa5 53. Kxh6 Kb4 54. h4 Kc5 55. h5 Kd4 56. Bg6 Ke5 57. Kg7 1-0

[Event "Wch U18 rapid"]
[Site "Batumi"]
[Date "2023.06.08"]
[Round "9"]
[White "Qalichava, Akaki"]
[Black "Murzin, Volodar"]
[Result "0-1"]
[WhiteElo "2231"]
[BlackElo "2612"]
[PlyCount "101"]
[EventDate "2023.06.06"]
[EventType "swiss (rapid)"]
[EventRounds "11"]
[EventCountry "GEO"]
[SourceTitle "CBM 214 Extra"]
[Source "ChessBase"]
[SourceDate "2023.07.31"]
[SourceVersion "1"]
[SourceVersionDate "2023.07.31"]
[SourceQuality "1"]

1. e4 c5 2. Nf3 d6 3. d4 cxd4 4. Nxd4 Nf6 5. Nc3 a6 6. Bg5 Nbd7 7. Qe2 Qc7 8. 0-0-0 e6 9. f4 b5 10. a3 Bb7 11. g4 Be7 12. Bxf6 Nxf6 13. g5 Nd7 14. h4 Qb6 15. f5 e5 16. Nb3 Rc8 17. Rh3 h6 18. Rg3 hxg5 19. hxg5 b4 20. axb4 Qxb4 21. Kb1 Rh4 22. Bg2 a5 23. Nd5 Bxd5 24. Rxd5 a4 25. Nc1 Rb8 26. c3 Qb6 27. g6 Nf6 28. Rd2 d5 29. gxf7+ Kf8 30. exd5 e4 31. Rh3 Rxh3 32. Bxh3 a3 33. b3 Qc5 34. d6 Bxd6 35. Bf1 Nd5 36. Qc4 Nxc3+ 37. Kc2 a2 38. Nxa2 Nxa2 39. Qxc5 Bxc5 40. Bc4 e3 41. Rg2 Nb4+ 42. Kc3 Nc6 43. f6 Bd4+ 44. Kc2 Bxf6 45. Rh2 Ke7 46. Rh3 Bg5 47. Rg3 Bh6 48. Rg6 Nd4+ 49. Kd3 e2 50. Rg1 Nf3 51. Rh1 0-1

[Event "Lienz op 21st"]
[Site "Lienz"]
[Date "2023.02.12"]
[Round "3"]
[White "Qalichava, Akaki"]
[Black "Romanov, Evgeny"]
[Result "0-1"]
[WhiteElo "2162"]
[BlackElo "2601"]
[PlyCount "126"]
[EventDate "2023.02.11"]
[EventType "swiss"]
[EventRounds "9"]
[EventCountry "AUT"]
[SourceTitle "CBM 212 Extra"]
[Source "ChessBase"]
[SourceDate "2023.03.31"]
[SourceVersion "1"]
[SourceVersionDate "2023.03.31"]
[SourceQuality "1"]

1. e4 e5 2. Nf3 Nc6 3. Bb5 a6 4. Ba4 d6 5. 0-0 b5 6. Bb3 Na5 7. d4 exd4 8. Nxd4 Bb7 9. Nf5 Nxb3 10. axb3 g6 11. Ng3 Bg7 12. Re1 Ne7 13. Nc3 0-0 14. Bg5 h6 15. Bxe7 Qxe7 16. Nd5 Qd8 17. c3 h5 18. Qd3 c6 19. Ne3 Qf6 20. Nc2 Rfe8 21. Nf1 h4 22. Nd2 Qf4 23. Ne3 Re6 24. g3 hxg3 25. hxg3 Qg5 26. Ng2 Qe7 27. Nf4 Rf6 28. Nf3 Qc7 29. Nh2 d5 30. Ng4 Rxf4 31. gxf4 Qxf4 32. Qg3 Qxg3+ 33. fxg3 dxe4 34. Rxe4 c5 35. Re7 Bd5 36. Rc7 Be6 37. Nf2 Bxb3 38. Rxc5 Bc4 39. Rd1 Re8 40. Kg2 a5 41. g4 Bf8 42. Rc7 Bh6 43. Rc5 a4 44. Rd7 Bc1 45. Rb7 Re2 46. Rb8+ Kg7 47. Kf3 Rxb2 48. Ne4 Be2+ 49. Kg3 Bd3 50. Nd6 g5 51. Ne8+ Kh6 52. Rb6+ Bg6 53. Rbxb5 a3 54. Ra5 Rb6 55. Nc7 Be4 56. Nd5 Rd6 57. c4 Bb2 58. Rc8 Bb1 59. Rca8 Bd3 60. Ne3 Re6 61. Kf3 Be4+ 62. Ke2 Bxa8 63. Rxa8 Bc1 0-1

[Event "Bassano del Grappa Vergani Cup"]
[Site "Bassano del Grappa"]
[Date "2023.02.05"]
[Round "9"]
[White "Lilja, Richard"]
[Black "Qalichava, Akaki"]
[Result "0-1"]
[WhiteElo "2019"]
[BlackElo "2162"]
[PlyCount "136"]
[EventDate "2023.02.01"]
[EventType "swiss"]
[EventRounds "9"]
[EventCountry "ITA"]
[SourceTitle "CBM 212 Extra"]
[Source "ChessBase"]
[SourceDate "2023.03.31"]
[SourceVersion "1"]
[SourceVersionDate "2023.03.31"]
[SourceQuality "1"]

1. e4 c5 2. Nc3 Nc6 3. Bb5 Nd4 4. Bc4 g6 5. Nf3 Bg7 6. Nxd4 cxd4 7. Qf3 e6 8. Nb5 d6 9. Qa3 Ke7 10. c3 dxc3 11. dxc3 a6 12. Nd4 Qc7 13. Bd3 e5 14. Nf3 Bg4 15. Bg5+ f6 16. Nxe5 Be6 17. Nf3 fxg5 18. Nxg5 Qc5 19. Qxc5 dxc5 20. 0-0 Nf6 21. e5 Nd5 22. g3 Rad8 23. Be4 Nc7 24. Nxe6 Kxe6 25. Bxb7 Rb8 26. Bc6 Rxb2 27. Rad1 Bxe5 28. Rfe1 Rb6 29. Ba4 Kf6 30. Rd3 Bd6 31. Red1 Rd8 32. Bb3 Ne6 33. Rf3+ Ke7 34. Bxe6 Kxe6 35. Re1+ Kd5 36. Rf7 h5 37. f4 c4 38. Kg2 Rb2+ 39. Kh3 Rxa2 40. Rf6 a5 41. Rxg6 a4 42. Rd1+ Kc5 43. Rg5+ Kb6 44. Rg6 Kc6 45. Rd4 a3 46. Rxc4+ Kb7 47. Rd4 Bc7 48. Rb4+ Kc8 49. Rc4 Rdd2 50. Kh4 Rd5 51. Kh3 Rad2 52. Rgc6 Rd7 53. Ra6 Ra2 54. Rb4 Rdd2 55. Kh4 Rxh2+ 56. Kg5 Rag2 57. Ra8+ Kd7 58. Rd4+ Kc6 59. Rxa3 Rxg3+ 60. Kf5 Rb2 61. Ra6+ Bb6 62. Re4 h4 63. c4 h3 64. Re6+ Kc5 65. Ra8 Kxc4 66. Rh6 Bd4 67. Rc8+ Kd3 68. Rch8 Bxh8 0-1

[Event "Bassano del Grappa Vergani Cup"]
[Site "Bassano del Grappa"]
[Date "2023.02.04"]
[Round "7"]
[White "Qalichava, Akaki"]
[Black "Wahlgreen, Noah Krug"]
[Result "1-0"]
[WhiteElo "2162"]
[BlackElo "2030"]
[PlyCount "125"]
[EventDate "2023.02.01"]
[EventType "swiss"]
[EventRounds "9"]
[EventCountry "ITA"]
[SourceTitle "CBM 212 Extra"]
[Source "ChessBase"]
[SourceDate "2023.03.31"]
[SourceVersion "1"]
[SourceVersionDate "2023.03.31"]
[SourceQuality "1"]

1. e4 c6 2. d4 d5 3. exd5 cxd5 4. c4 Nf6 5. Nc3 g6 6. Qb3 Bg7 7. cxd5 0-0 8. Be2 Nbd7 9. Bf3 Nb6 10. Nge2 Bg4 11. Bxg4 Nxg4 12. a4 Nf6 13. Nf4 g5 14. Nfe2 Nbxd5 15. Bxg5 Qa5 16. Bxf6 Nxf6 17. 0-0 b6 18. d5 Rad8 19. Rad1 Qc5 20. Ng3 Rfe8 21. Rfe1 Qc8 22. h3 Rd6 23. Nb5 Rd7 24. Qf3 Kh8 25. Nf5 Bf8 26. Rd4 Qc5 27. b4 Qc2 28. Nxe7 Rdxe7 29. Qxf6+ Bg7 30. Rxe7 Bxf6 31. Rxe8+ Kg7 32. Rg4+ Kh6 33. Kh2 Qxa4 34. Nd6 Qd7 35. Nxf7+ Qxf7 36. Re6 a5 37. bxa5 bxa5 38. g3 Kh5 39. Rf4 Kg6 40. Ra6 Kg7 41. Rxa5 Qd7 42. Rfa4 Kf8 43. Ra6 Be7 44. Rf4+ Kg7 45. Re6 Bc5 46. Rf5 Qa7 47. Kg2 Qa2 48. h4 Qb1 49. Ref6 Qe4+ 50. Kh2 Be7 51. Rf7+ Kg8 52. Rf4 Qe5 53. R7f5 Qe2 54. Kg2 Kg7 55. Rf3 Qe4 56. Kh3 Kg6 57. h5+ Kh6 58. R3f4 Qh1+ 59. Kg4 Qd1+ 60. f3 Qh1 61. Re4 Bb4 62. Re6+ Kg7 63. h6+ 1-0

[Event "Bassano del Grappa Vergani Cup"]
[Site "Bassano del Grappa"]
[Date "2023.02.03"]
[Round "4"]
[White "Pultinevicius, Paulius"]
[Black "Qalichava, Akaki"]
[Result "1-0"]
[WhiteElo "2559"]
[BlackElo "2162"]
[PlyCount "59"]
[EventDate "2023.02.01"]
[EventType "swiss"]
[EventRounds "9"]
[EventCountry "ITA"]
[SourceTitle "CBM 212 Extra"]
[Source "ChessBase"]
[SourceDate "2023.03.31"]
[SourceVersion "1"]
[SourceVersionDate "2023.03.31"]
[SourceQuality "1"]

1. d4 Nf6 2. c4 e6 3. g3 d5 4. Nf3 Be7 5. Bg2 0-0 6. 0-0 c6 7. Nc3 b6 8. Ne5 Nfd7 9. cxd5 Nxe5 10. dxe5 cxd5 11. Nxd5 exd5 12. Qxd5 Qxd5 13. Bxd5 Bh3 14. Bxa8 Bxf1 15. Kxf1 Nd7 16. Bb7 Nxe5 17. Bf4 Ng6 18. Bc7 Bf6 19. Rb1 Re8 20. b3 Re7 21. Rc1 h6 22. Ba6 Bd4 23. b4 Bb2 24. Rc4 Rd7 25. a4 Rd1+ 26. Kg2 Rd2 27. Bb8 Rd7 28. Rc8+ Kh7 29. Bd3 Ba3 30. b5 1-0